[Event "Marianske Lazne op 11th"]
[Site "Marianske Lazne"]
[Date "2012.01.25"]
[Round "6"]
[White "Kjaer, Thomas"]
[Black "Sulc, Jiri"]
[Result "0-1"]
[WhiteElo "1808"]
[BlackElo "1955"]
[PlyCount "51"]
[EventDate "2012.01.21"]
[EventType "swiss"]
[EventRounds "9"]
[EventCountry "CZE"]
[SourceTitle "CBM 146 Extra"]
[Source "ChessBase"]
[SourceDate "2012.02.29"]
[SourceVersion "1"]
[SourceVersionDate "2012.02.29"]
[SourceQuality "1"]

1. e4 d5 2. d4 dxe4 3. f3 e3 4. Bxe3 Nf6 5. Bc4 e6 6. Ne2 Be7 7. Nbc3 c6 8. Ne4 Nd5 9. Bf2 Nd7 10. c3 N7f6 11. N4g3 0-0 12. Qc2 Qc7 13. Bd3 c5 14. 0-0 cxd4 15. cxd4 Qb6 16. a3 Bd7 17. Qd2 Rac8 18. Ne4 Bb5 19. Bxb5 Qxb5 20. Rac1 h6 21. Rxc8 Rxc8 22. Rc1 Rxc1+ 23. Qxc1 Qxe2 24. Ng3 Qd3 25. b4 Nc3 26. Nf5 0-1

[Event "Marianske Lazne op"]
[Site "Marianske Lazne"]
[Date "2006.01.25"]
[Round "6"]
[White "Macek, Kamil"]
[Black "Sulc, Jiri"]
[Result "1-0"]
[WhiteElo "1930"]
[BlackElo "2010"]
[PlyCount "49"]
[EventDate "2006.01.21"]
[EventType "swiss"]
[EventRounds "9"]
[EventCountry "CZE"]
[SourceTitle "CBM 110 Extra"]
[Source "ChessBase"]
[SourceDate "2006.03.10"]
[SourceVersion "2"]
[SourceVersionDate "2006.03.10"]
[SourceQuality "1"]

1. e4 d5 2. exd5 Nf6 3. d4 Nxd5 4. c4 Nb6 5. Nf3 Bg4 6. c5 N6d7 7. Bc4 e6 8. h3 Bxf3 9. Qxf3 c6 10. Nc3 Nf6 11. Be3 Be7 12. 0-0 0-0 13. b4 a6 14. a4 Nd5 15. Nxd5 exd5 16. Bd3 Nd7 17. Qg3 Re8 18. b5 axb5 19. axb5 Nf8 20. b6 Bf6 21. Ra7 Rxa7 22. bxa7 Qa5 23. Qb8 Rd8 24. Qxb7 g6 25. Ba6 1-0

[Event "Marianske Lazne op"]
[Site "Marianske Lazne"]
[Date "2006.01.23"]
[Round "3"]
[White "Sulc, Jiri"]
[Black "Baeuml, Ulrich"]
[Result "1-0"]
[WhiteElo "2010"]
[BlackElo "2095"]
[PlyCount "57"]
[EventDate "2006.01.21"]
[EventType "swiss"]
[EventRounds "9"]
[EventCountry "CZE"]
[SourceTitle "CBM 110 Extra"]
[Source "ChessBase"]
[SourceDate "2006.03.10"]
[SourceVersion "2"]
[SourceVersionDate "2006.03.10"]
[SourceQuality "1"]

1. d4 d5 2. c4 e6 3. Nf3 Nf6 4. Nc3 Nbd7 5. Bg5 Bb4 6. e3 c5 7. Rc1 Qa5 8. Qb3 Ne4 9. Bf4 0-0 10. Bd3 b5 11. Bxe4 cxd4 12. Bxh7+ Kxh7 13. exd4 bxc4 14. Qc2+ g6 15. 0-0 Bxc3 16. bxc3 Nf6 17. Ng5+ Kg8 18. Qe2 Nh5 19. Bd6 Re8 20. Qf3 f5 21. Be5 Qd8 22. h4 Nf6 23. Qf4 Nh5 24. Qh2 Qa5 25. Rc2 Qa4 26. Rfc1 Bd7 27. f3 Qa3 28. g4 Ng7 29. h5 1-0

[Event "Ostrava op-B"]
[Site "Ostrava"]
[Date "2003.05.07"]
[Round "6"]
[White "Sulc, Jiri"]
[Black "Konstacky, Matej"]
[Result "0-1"]
[WhiteElo "1887"]
[BlackElo "1712"]
[PlyCount "93"]
[EventDate "2003.05.03"]
[EventType "swiss"]
[EventRounds "10"]
[EventCountry "CZE"]
[SourceTitle "EXT 2006"]
[Source "ChessBase"]
[SourceDate "2005.11.24"]
[SourceVersion "1"]
[SourceVersionDate "2005.11.24"]
[SourceQuality "1"]

1. d4 Nf6 2. c4 e6 3. Nc3 Bb4 4. Nf3 b6 5. Bg5 Bb7 6. Rc1 h6 7. Bh4 Qe7 8. e3 a5 9. Bd3 Bxc3+ 10. Rxc3 d6 11. 0-0 Nbd7 12. Qe2 e5 13. Bb1 e4 14. Nd2 g5 15. Bg3 h5 16. h4 Ng4 17. hxg5 f5 18. Bh4 Nf8 19. d5 Ng6 20. g3 Qe5 21. f4 Qg7 22. Nb3 Bc8 23. Nd4 Bd7 24. Rfc1 Kf7 25. b3 Rhe8 26. a3 Nh8 27. b4 Kg6 28. c5 axb4 29. axb4 bxc5 30. bxc5 Ra5 31. Nb3 Ra3 32. c6 Bc8 33. Qb2 Ra4 34. Qd2 Rb4 35. Na5 Ba6 36. Ra3 Rb6 37. Nb7 Bxb7 38. cxb7 Rxb7 39. Rac3 Reb8 40. Bxe4 fxe4 41. f5+ Kxf5 42. Rf1+ Kg6 43. Rf6+ Nxf6 44. gxf6 Qh6 45. Rc2 Nf7 46. Kh2 Ne5 47. Kg2 0-1